Lobato. Tercer trimestre. 2 primaria.
Gespeichert in:
| Weitere Verfasser: | |
|---|---|
| Format: | Buch |
| Erschienen: |
Madrid :
Ediciones SM,
DL1992
|
| Katalog: | MANES: Suchergebnis im Bibliothekskatalog |
| Schulbuchspezifische Eigenschaften: |
|
| Tags: |
Tag hinzufügen
Keine Tags, Fügen Sie den ersten Tag hinzu!
|
| Hinzugefügt zu: | 22.02.2026 |
| Geändert in: | 23.02.2026 |
MARC
| LEADER | 00000nam a22000007a 4500 | ||
|---|---|---|---|
| 003 | OSt | ||
| 005 | 20260223120614.0 | ||
| 008 | 260223b |||||||| |||| 00| 0 SPA d | ||
| 020 | |a 84-348-3562-2 | ||
| 040 | |a centro_manes |c Aula Museo de la Universidad de Oviedo | ||
| 245 | |a Lobato. Tercer trimestre. |b 2 primaria. | ||
| 260 | |a Madrid : |b Ediciones SM, |c DL1992 | ||
| 300 | |a 128 p. |c 29 x 21 cm. | ||
| 500 | |a Cartulina. Ilustraciones en color. I.S.B.N. 84-348-3562-2. Depósito Legal: M-4254-1992. El equipo de autores lo componen, M.ª Josefa Pedro-Viejo García; Mercedes García Muñoz; Juan M. Lorenzo Hernández y Pilar Molina Llorente. Este tomo empieza en el capítulo 11 “A trabajar” y termina con el 15 “De viaje”. En cubierta anterior: “Muestra para examen. Sin valor comercial”. Al final de las páginas lleva láminas con pegatinas para usa en el libro. | ||
| 546 | |a España | ||
| 690 | |a CN |a EyL |a LEN |a MATE |a EA | ||
| 691 | |a PRI | ||
| 700 | |a Pedro-Viejo García, M.ª Josefa |9 46225 |a García Muñoz, Mercedes |9 46398 |a Lorenzo Hernández, Juan M. |9 46227 |a Molina Llorente, Pilar |9 1039 | ||
| 942 | |2 ddc |c BK | ||
| 999 | |c 105421 |d 105421 | ||
| 999 | |c manes:105421 |d 105421 | ||